| 000 | 00708nam a2200229 a 4500 | ||
|---|---|---|---|
| 005 | 20220519150754.0 | ||
| 008 | 991125s1994 cha 000 0 spa u | ||
| 020 | _a0915741555 | ||
| 035 | _aUPN01000041786 | ||
| 049 | _aI | ||
| 050 | 4 |
_aGB5019 _bO5.68 |
|
| 100 | 1 |
_aO'Neill, Catherine, _d1950- |
|
| 245 | 1 | 0 |
_aNuestra tierra violenta / _cCatherine O'Neill, Robin Darcey Dennis, James Cox. |
| 260 |
_aCharlotte, USA : _bNational Geographic Society, _c1994. |
||
| 300 |
_a95 p. : _bil. col. |
||
| 440 | 0 | _aExplora y aprende | |
| 650 | 2 |
_aCatástrofes (GeologĂa) _96506 |
|
| 650 | 4 |
_aDESASTRES _915429 |
|
| 700 | 1 |
_aDennis, Robin Darcey, _ecoaut. |
|
| 700 | 1 |
_aCox, James A., _ecoaut. |
|
| 905 | _aInfantil | ||
| 999 |
_c41786 _d41786 |
||